LEADER 01033nam a2200217 i 4500 001 000000060928 003 CaOOAMICUS 005 20140627000000.0 008 140627s1970 xx u000 u ger u 013 $a32100 040 $aSeMil$bita 100 1 $aRoloff, Jürgen <1930->.$0(OLS)http://semarc/name/15842 245 14$aDas Kerygma und der irdische Jesus :$bhistorische Motive in den Jesus-Erzählungen der Evangelien /$cJürgen Roloff. 260 $aIn Göttingen :$bVandenhoeck & Ruprecht,$c1970. 300 $a289 p. ;$c24 cm. 650 4$aGesù Cristo - Storicità.$0(OLS)http://semarc/subject/4538 650 4$aBibbia - NT - Vangeli - Storicità.$0(OLS)http://semarc/subject/4830 850 $aSeMil 852 $aSeMil$W1$xVenegono$y1$m2K V 100$j27081$B27081$CSeMilBibl$Z2$F27084 $81 996 $6245$aDas Kerygma und der irdische Jesus :$bhistorische Motive in den Jesus-Erzählungen der Evangelien$9(OLS)http://semarc/title/95599 996 $6260$aIn Göttingen :$bVandenhoeck & Ruprecht$9(OLS)http://semarc/publisher/29771 LEADER 01557nam a2200289 i 4500 001 000000091486 003 CaOOAMICUS 005 20250812113430.0 008 160211s1723 it u000 u ita u 013 $a63728 026 $anoO- ;Eo- lie- saqu (3) 1723 (R) 040 $aSeMil$bita 100 1 $aBenvenuti, Cesare.$0(OLS)http://semarc/name/40898 245 10$aVita del gloriosissimo padre Santo Agostino vescovo e dottore di S. Chiesa. Cavata principalmente dalle sue opere, e divisa in otto libri. Dedicata ... dal Padre d. Cesare Benvenuti da Crema .. 264 1$aIn Palestrina :$bNella Stamperia Barberina : Per Gio. Domenico Masci,$c1723. 300 $a[28], 632, [22] p. ;$c4°. 500 $aSegn.: *-2*4 3*6 a-4k4 ?4 2?2 3?4 4?2(-4?2). 500 $aFregio xilogr. sul front. - Iniz., finalini xilogr. 600 04$aAgostino, Aurelio .$0(OLS)http://semarc/subject/1856 710 0 $aMasci, Giovanni Domenico$c.$0(OLS)http://semarc/name/40899 850 $aSeMil 852 $aSeMil$W1$xVenegono$y1$m3J V 4 FA$j54435$B54435$CSeMilBibl$Z2$F59087 $8I 941 1 $a10 961 $aRecupero: Mantegazza 996 $6245$aVita del gloriosissimo padre Santo Agostino vescovo e dottore di S. Chiesa. Cavata principalmente dalle sue opere, e divisa in otto libri. Dedicata ... dal Padre d. Cesare Benvenuti da Crema ..$9(OLS)http://semarc/title/137614 996 $6264$aIn Palestrina :$bNella Stamperia Barberina : Per Gio. Domenico Masci$9(OLS)http://semarc/publisher/43841